Key of Interior Design - Illustratration of Methods & Principles (Record no. 13710)

MARC details
000 -LEADER
fixed length control field 00442nam a22001697a 4500
003 - CONTROL NUMBER IDENTIFIER
control field OSt
008 - FIXED-LENGTH DATA ELEMENTS--GENERAL INFORMATION
fixed length control field 250818b |||||||| |||| 00| 0 eng d
020 ## - INTERNATIONAL STANDARD BOOK NUMBER
International Standard Book Number 9788194359753
082 ## - DEWEY DECIMAL CLASSIFICATION NUMBER
Classification number 747 MIK
100 ## - MAIN ENTRY--PERSONAL NAME
Personal name MITTAL, Nikita
245 ## - TITLE STATEMENT
Title Key of Interior Design - Illustratration of Methods & Principles
250 ## - EDITION STATEMENT
Edition statement 1st. ed.
260 ## - PUBLICATION, DISTRIBUTION, ETC. (IMPRINT)
Place of publication, distribution, etc New Delhi,
Name of publisher, distributor, etc Standard Book House,
Date of publication, distribution, etc 2021,
300 ## - PHYSICAL DESCRIPTION
Extent 140 p.
650 ## - SUBJECT ADDED ENTRY--TOPICAL TERM
Topical term or geographic name as entry element B. FAD.
942 ## - ADDED ENTRY ELEMENTS (KOHA)
Source of classification or shelving scheme Dewey Decimal Classification
Koha item type Text Books
Holdings
Withdrawn status Lost status Source of classification or shelving scheme Damaged status Not for loan Collection code Home library Current library Date acquired Source of acquisition Currency Cost, normal purchase price Bill Number Total Checkouts Full call number Acc. no. / Barcode Date last seen Actual Cost, discounted price Bill Date Koha item type
    Dewey Decimal Classification     Bachelor of Fashion and Apparel Design PIET NCR College Library PIET NCR College Library 11/08/2025 Zafaa Books and Distributers In Rupees 1050.00 ZBD0211   747 MIK N4298 18/08/2025 787.50 11/08/2025 Reference Books
    Dewey Decimal Classification     Bachelor of Fashion and Apparel Design PIET NCR College Library PIET NCR College Library 11/08/2025 Zafaa Books and Distributers In Rupees 1050.00 ZBD0211   747 MIK N4299 18/08/2025 787.50 11/08/2025 Text Books
    Dewey Decimal Classification     Bachelor of Fashion and Apparel Design PIET NCR College Library PIET NCR College Library 11/08/2025 Zafaa Books and Distributers In Rupees 1050.00 ZBD0211   747 MIK N4300 18/08/2025 787.50 11/08/2025 Text Books
    Dewey Decimal Classification     Bachelor of Fashion and Apparel Design PIET NCR College Library PIET NCR College Library 11/08/2025 Zafaa Books and Distributers In Rupees 1050.00 ZBD0211   747 MIK N4301 18/08/2025 787.50 11/08/2025 Text Books
    Dewey Decimal Classification     Bachelor of Fashion and Apparel Design PIET NCR College Library PIET NCR College Library 11/08/2025 Zafaa Books and Distributers In Rupees 1050.00 ZBD0211   747 MIK N4302 18/08/2025 787.50 11/08/2025 Text Books

Design & Developed by: PIET Central Library
R70 Miles Stone Pattikalyana Samalkha Panipat 132102
mail ID :- [email protected], Phone No:- 0180-2569700 Ex.216